$uicideboy$ Charting Songs (Billboard Hot 100) - Statistics

General Stats
  • This quiz has been taken 65 times
    10 since last reset
  • The average score is 3 of 9
Answer Stats
Album Weeks On Peak Artist(s) Song % Correct
Thy Kingdom Come 3 Weeks #54 $uicideboy$ Napoleon
78%
Thy Kingdom Come 1 Week #91 $uicideboy$ Oh, What a Wretched Man I Am!
44%
New World Depression 1 Week #96 $uicideboy$ Us vs. Them
44%
Thy Will Be Done 1 Week #86 $uicideboy$ Leviticus
33%
Thy Kingdom Come 1 Week #100 $uicideboy$ x BONES Now And At The Hour Of Our Death...
33%
New World Depression 1 Week #86 $uicideboy$ Burgundy
22%
New World Depression 1 Week #71 $uicideboy$ The Thin Grey Line
22%
New World Depression 1 Week #91 $uicideboy$ Thorns
22%
Thy Kingdom Come 1 Week #90 $uicideboy$ Count Your Blessings
11%
No matching quizzes found
Score Distribution
Percent of People with Each Score
Percentile by Number Answered
Your Score History
You have not taken this quiz since the last reset